| 000 | 00503nam a2200181Ia 4500 | ||
|---|---|---|---|
| 005 | 20250326124509.0 | ||
| 008 | 250326s9999 xx 000 0 und d | ||
| 037 | _aTextbook | ||
| 040 |
_aFMSL _beng _cFMSL |
||
| 041 |
_aeng _2eng |
||
| 084 |
_aX:8 L1 _qFMSL |
||
| 100 |
_aMarvin P _9737493 |
||
| 245 | 0 |
_aMultiplying management effectiveness _cMarvin P |
|
| 260 |
_aUSA _bUSA, American Management Association _c1971 |
||
| 300 | _a211p | ||
| 942 |
_cTB _hX:8 L1 |
||
| 999 |
_c1273955 _d1273955 |
||